Kovošrot Suda a Rockerka roku-příklad efektivního sponzoringu

Efektívna marketingová komunikácia firmy Kovošrot Suda. Kľúčová kampaň pre rok 2022 - spolupráca s kampaňou Rock rádia - Rockerka roku. Mediálne ukazovatele a náklady kampane.

Saved in:
Bibliographic Details
Main Author: Nováková, Martina
Format: Book Chapter
Language:Czech
Subjects:
Tags: Add Tag
No Tags, Be the first to tag this record!

MARC

LEADER 00000naa a2200000 4500
001 0288187
005 20240417075216.3
041 0 |a cze 
044 |a CZ 
245 1 0 |a Kovošrot Suda a Rockerka roku-příklad efektivního sponzoringu  |c Martina Nováková 
520 |a Efektívna marketingová komunikácia firmy Kovošrot Suda. Kľúčová kampaň pre rok 2022 - spolupráca s kampaňou Rock rádia - Rockerka roku. Mediálne ukazovatele a náklady kampane. 
610 2 0 |a priemysel spracovateľský 
610 2 0 |a komunikácia marketingová 
610 2 0 |a kampane reklamné 
610 2 0 |a zákazníci 
610 2 0 |a Česko 
100 1 |a Nováková, Martina